LEADER 01758nam a2200313 i 4500 001 000000004424 003 CaOOAMICUS 005 20251105160023.0 008 180830s18011802fr u000 u fre u 040 $aSeMil$bita 100 1 $aTigny, F. Martin Grostête T. : de,$d<1736-1799>.$0(OLS)http://semarc/name/89301 245 10$aHistoire naturelle des insectes, composée d'après Reaumur, Geoffroy, Degeer, Roesel, Linnee, Fabricius, et les meilleurs ouvrages qui ont paru sur cette partie; redigée suivant la méthode d'Olivier; ... par F.M.G.T. De Tigny ... Tome 1. [-10.]. 264 1$aA Paris :$bChez Deterville, rue du Battoir, n. 16 ; De l'Imprimerie de Crapelet,$cAn X. [1801-1802] 300 $a10 v. ;$c12°. 500 $aNon posseduti i vol. 3-4. 650 4$aEntomologia.$0(OLS)http://semarc/subject/4883 700 1 $aDeterville, Jean-François-Pierre,$c.$0(OLS)http://semarc/name/89302 700 1 $aCrapelet, Charles,$c.$0(OLS)http://semarc/name/89303 774 0 $tTome 1.$g1$w()258061 774 0 $tTome 2.$g2$w()258063 774 0 $tTome 5.$g5$w()258064 774 0 $tTome 6.$g6$w()258062 774 0 $tTome 7.$g7$w()258066 774 0 $tTome 8.$g8$w()258065 774 0 $tTome 9.$g9$w()258068 774 0 $tTome 10.$g10$w()258067 996 $6245$aHistoire naturelle des insectes, composée d'après Reaumur, Geoffroy, Degeer, Roesel, Linnee, Fabricius, et les meilleurs ouvrages qui ont paru sur cette partie; redigée suivant la méthode d'Olivier; ... par F.M.G.T. De Tigny ... Tome 1. [-10.]$9(OLS)http://semarc/title/400477 996 $6264$aA Paris :$bChez Deterville, rue du Battoir, n. 16 ; De l'Imprimerie de Crapelet$9(OLS)http://semarc/publisher/60915 LEADER 00936nam a2200205 i 4500 001 000000025735 003 CaOOAMICUS 005 20180830125447.0 008 180830s1889 it u000 u ita u 040 $aSeMil$bita 100 1 $aScaduto, Francesco <1858-1942>.$0(OLS)http://semarc/name/11432 245 10$aDiritto ecclesiastico vigente in Italia :$bmanuale /$cFrancesco Scaduto. 260 $aNapoli :$bpresso i principali Librai,$c1889-1891$e(Firenze :$fTip. Uccelli e Zolfanelli,$g1889-1891) 300 $a2 v. ;$c24 cm. 650 4$aDiritto ecclesiastico.$0(OLS)http://semarc/subject/933 650 4$aChiesa - Italia - Legislazione ecclesiastica.$0(OLS)http://semarc/subject/4088 774 0 $tVol. 1.$g1$w()58885 774 0 $tVol. 2.$g2$w()221007 996 $6245$aDiritto ecclesiastico vigente in Italia :$bmanuale$9(OLS)http://semarc/title/34677 996 $6260$aNapoli :$bpresso i principali Librai$9(OLS)http://semarc/publisher/36593